Optimization in systems engineering (Record no. 5183)

000 -LEADER
fixed length control field 00705nam a2200229 4500
001 - CONTROL NUMBER
control field 5183
003 - CONTROL NUMBER IDENTIFIER
control field BD-DhUET
008 - FIXED-LENGTH DATA ELEMENTS--GENERAL INFORMATION
fixed length control field 720609s1972 paua b 001 0 eng
020 ## - INTERNATIONAL STANDARD BOOK NUMBER
International Standard Book Number 0700224076
040 ## - CATALOGING SOURCE
Original cataloging agency DLC
Transcribing agency DLC
Modifying agency BD-DhUET
082 ## - DEWEY DECIMAL CLASSIFICATION NUMBER
Classification number 620.7
Item number MIC/1972
100 1# - MAIN ENTRY--PERSONAL NAME
Personal name Mickle, Marlin H.
245 10 - TITLE STATEMENT
Title Optimization in systems engineering
Statement of responsibility, etc. by Marlin H. Mickle and T. W. Sze
250 ## - EDITION STATEMENT
Edition statement 1st ed.
260 ## - PUBLICATION, DISTRIBUTION, ETC. (IMPRINT)
Place of publication, distribution, etc. San Francisco
Name of publisher, distributor, etc. In text Educational Publishers
Date of publication, distribution, etc. 1972
300 ## - PHYSICAL DESCRIPTION
Extent xiii, 312 p.
Other physical details ill.
Dimensions 24 cm.
490 0# - SERIES STATEMENT
Series statement The Intext series in circuits, systems, communications, and computers
504 ## - BIBLIOGRAPHY, ETC. NOTE
Bibliography, etc Includes bibliographies
650 #0 - SUBJECT ADDED ENTRY--TOPICAL TERM
Topical term or geographic name as entry element Systems engineering
700 ## - ADDED ENTRY--PERSONAL NAME
Personal name Sze, T. W.
942 ## - ADDED ENTRY ELEMENTS (KOHA)
Koha item type General Book
Holdings
Source of classification or shelving scheme Sublocation or collection (holding branch) Koha date last seen Shelving location Copy number Location (home branch) Koha full call number Koha normalized classification for sorting Withdrawn status Price effective from Date acquired Lost status Damaged status Not for loan Piece designation (barcode) Koha item type
 Central Library, BUET2014-11-25Circulation section1Central Library, BUET620.7/MIC/1972620_000000000000000_7MIC1972 2014-11-252014-11-25   65345General Book